000 00339 a2200157 4500
001 121626
020 _a9781405023559
040 _cEscola Canadense de Niteroi
100 _aDean DeCoursey
245 1 0 _aMegatrends 4
300 _a138 p.
_bil.
362 0 _a2004
490 0 _aMegatrends
650 4 _aEnglish Language
942 _cBK
999 _c121626
_d121626